20 największych miast Kalifornii z mapą - Statystyki

Ogólne statystyki
  • Ten quiz został rozwiązany 221 razy
  • Średni wynik to 7 z 20
Odpowiedzi na mapie
Odpowiedzi zakodowano w zielono-czerwonej skali na mapie do tego quizu, zgodnie z poniższymi procentami.
 
Statystyki odpowiedzi
Populacja Miasto % Poprawnych
3 979 576 Los Angeles
100%
881 549 San Francisco
96%
1 423 851 San Diego
89%
513 624 Sacramento
80%
1 021 795 San Jose
63%
433 031 Oakland
36%
531 576 Fresno
35%
462 628 Long Beach
35%
384 145 Bakersfield
29%
332 318 Santa Ana
24%
350 365 Anaheim
20%
215 784 San Bernardino
18%
331 360 Riverside
17%
312 697 Stockton
17%
287 401 Irvine
16%
274 492 Chula Vista
15%
241 110 Fremont
14%
215 196 Modesto
13%
214 547 Fontana
6%
213 055 Moreno Valley
5%
Nie znaleziono quizów pasujących do podanych kryteriów
Rozkład punktacji
Procent ludzi z każdym wynikiem
Percentyl według liczby udzielonych odpowiedzi
Twoja historia wyników
Nie rozwiązałeś tego quizu